Vista normal
Vista MARC
Entrada Nombre personal
Número de registros utilizados en: 2
001 - NÚMERO DE CONTROL
- campo de control: 18420
003 - IDENTIFICADOR DEL NÚMERO DE CONTROL
- campo de control: OSt
005 - FECHA Y HORA DE LA ÚLTIMA TRANSACCIÓN
- campo de control: 20200615032632.0
008 - DATOS DE LONGITUD FIJA
- campo de control de longitud fija: 200615|| aca||aabn | a|a d
040 ## - FUENTE DE LA CATALOGACIÓN
- Centro catalogador/agencia de origen: OSt
- Centro/agencia transcriptor: OSt
100 ## - ENCABEZAMIENTO-NOMBRE DE PERSONA
- Nombre de persona: Mújica, Elisa.
- Fechas asociadas al nombre: 1918-2003
670 ## - FUENTE DE DATOS ENCONTRADOS
- Cita de la fuente: Work cat.: (OSt)6424: Mújica, Elisa. 1918-2003, Las casas que hablan :, 1994.
